Magyar Paedagogiai [!Pedagógiai] Társaság
Elmentve itt :
| Dokumentumtípus: | Cikk |
|---|---|
| Megjelent: |
1915
|
| Sorozat: | Magyar pedagógia : a Magyar Tudományos Akadémia Pedagógiai Bizottságának folyóirata
24 |
| Kulcsszavak: | Ülés jegyzőkönyve |
| Online Access: | http://misc.bibl.u-szeged.hu/14857 |
| LEADER | 00605nab a2200169 i 4500 | ||
|---|---|---|---|
| 001 | misc14857 | ||
| 005 | 20191106143447.0 | ||
| 008 | 170607s1915 hu o 0|| hun d | ||
| 022 | |a 0025-0260 | ||
| 040 | |a SZTE Miscellanea Repozitórium |b hun | ||
| 041 | |a hun | ||
| 245 | 0 | 0 | |a Magyar Paedagogiai [!Pedagógiai] Társaság |h [elektronikus dokumentum] |
| 260 | |c 1915 | ||
| 300 | |a 302-304 | ||
| 490 | 0 | |a Magyar pedagógia : a Magyar Tudományos Akadémia Pedagógiai Bizottságának folyóirata |v 24 | |
| 695 | |a Ülés jegyzőkönyve | ||
| 856 | 4 | 0 | |u http://misc.bibl.u-szeged.hu/14857/1/mp_1915_302-304.pdf |z Dokumentum-elérés |